Normal view MARC view
  • Torres Quintero, Gregorio,

Entry Nombre Personal

Number of records used in: 18

001 - NUMERO DE CONTROL

  • campo de control: 29436

003 - IDENTIFICADOR DE NUMERO DE CONTROL

  • campo de control: DLC

005 - FECHA Y HORA DE LA ÜLTIMA TRANSACCIÓN

  • campo de control: 20220927113204.0

008 - DATOS DE LONGITUD FIJA

  • campo de control de longitud fija: 801119n| acannaabn || aaa

010 ## - NÚMERO DE CONTROL DE LA BIBLIOTECA DEL CONGRESO

  • Número de control LC: n 80139381

035 ## - NUMERO DE CONTROL

  • Número de control: (OCoLC)oca00519623

040 ## - FUENTE DE CATALOGACIÓN

  • Agencia original de catalogación: DLC
  • Lenguaje de catalogación: spa
  • Agencia de transcripción: DLC
  • Agencia que lo modifica: OCoLC
  • Agencia que lo modifica: MX-MxUPN

046 ## - FECHAS CON CODIFICACIÓN ESPECIAL

  • Fecha de nacimiento: 1866
  • Fecha de muerte: 1934

100 1# - ENCABEZAMIENTO - NOMBRE PERSONAL

  • Nombre personal: Torres Quintero, Gregorio,
  • Fechas asociadas con el nombre: 1866-1934

370 ## - LUGAR ASOCIADO

  • Place of birth: Colima (México)
  • Place of death: Ciudad de México

374 ## - OCUPACIÓN

  • Occupation: Profesor
  • Occupation: Pedagogo
  • Occupation: Cuentista

670 ## - FUENTE EN LA QUE SE LOCALIZARON DATOS

  • Cita de la fuente: Romero Aceves, R. Maestros colimenses, c1975:
  • Información localizada: portada (Gregorio Torres Quintero) p. 219 (b. 5/25/1866, Colima, México) página 185 (d. Jan. 1934, Ciudad de México)

670 ## - FUENTE EN LA QUE SE LOCALIZARON DATOS

  • Cita de la fuente: En su obra: Guía práctica del método onomatopéyico-sintético de escritura lectura, 1909:
  • Información localizada: portada (Gregorio Torres Quintero)

670 ## - FUENTE EN LA QUE SE LOCALIZARON DATOS

  • Cita de la fuente: Wikipedia, 27 septiembre 2022:
  • Información localizada: (Gregorio Torres Quintero, Las Palmas, Colima, 25 de mayo de 1866 - Ciudad de México, 28 de enero de 1934; fue un profesor, pedagogo, cuentista mexicano)
  • Uniform Resource Identifier: https://es.wikipedia.org/wiki/Gregorio_Torres_Quintero

902 ## - CATALOGADOR

  • Catalogador: Víctor Ruiz/270922